[Event "ICS Rated blitz match"]
[Site "204.178.125.65"]
[Date "1999.09.06"]
[Round "?"]
[White "PostModernist"]
[Black "Hossa"]
[Result "1/2-1/2"]
[WhiteElo "2502"]
[BlackElo "2501"]
[PlyCount "206"]
[EventDate "1999.??.??"]

1. e4 c5 2. Nf3 d6 3. d4 cxd4 4. Qxd4 Nc6 5. Bb5 a6 6. Bxc6+ bxc6 7. O-O e5 8.
Qd3 Be7 9. c4 Nf6 10. Nc3 Nd7 11. b4 O-O 12. Be3 f5 13. exf5 Rb8 14. a3 a5 15.
Rfb1 axb4 16. axb4 Nb6 17. g4 Nd7 18. Ne4 Nf6 19. Nxf6+ Bxf6 20. Ra7 d5 21. Qe2
d4 22. Bd2 Re8 23. g5 Bxf5 24. gxf6 Qxf6 25. Rb3 Qg6+ 26. Kf1 Bg4 27. h3 Bxh3+
28. Ke1 e4 29. Ng5 e3 30. Bxe3 dxe3 31. f4 Bf5 32. Rxe3 Bg4 33. Qd2 h6 34. Nf7
Bh5 35. Nxh6+ Qxh6 36. Ree7 Rxe7+ 37. Rxe7 Bf3 38. Qd7 Qh4+ 39. Kf1 Qh1+ 40.
Kf2 Qg2+ 41. Ke1 Qg3+ 42. Kf1 Bg2+ 43. Ke2 Qf3+ 44. Ke1 Qf1+ 45. Kd2 Qxf4+ 46.
Kd1 Bf3+ 47. Ke1 Qg3+ 48. Kd2 Qg5+ 49. Kc2 Qg6+ 50. Kc3 Qf6+ 51. Kc2 Rxb4 52.
Qc8+ Kh7 53. Qh3+ Kg6 54. Qg3+ Kh5 55. Qh2+ Qh4 56. Qe5+ Qg5 57. Qh2+ Kg4 58.
Qg1+ Bg2 59. Qxg2+ Kh5 60. Qh2+ Qh4 61. Qxh4+ Kxh4 62. Kc3 c5 63. Rxg7 Ra4 64.
Kd3 Kh5 65. Rc7 Kg5 66. Rxc5+ Kf6 67. Rh5 Ke7 68. Rh7+ Kd8 69. c5 Kc8 70. Rf7
Rb4 71. Rg7 Ra4 72. Kc3 Re4 73. Rf7 Rg4 74. Rh7 Re4 75. Rg7 Rf4 76. Ra7 Kb8 77.
Rh7 Kc8 78. Re7 Rh4 79. Kd3 Kd8 80. Rg7 Kc8 81. Ra7 Kb8 82. Re7 Kc8 83. Kc3 Rf4
84. Kd3 Rh4 85. Re6 Kd7 86. Rd6+ Kc7 87. Kc3 Rg4 88. Rd4 Rxd4 89. Kxd4 Kc6 90.
Kc4 Kd7 91. Kd5 Kc7 92. c6 Kc8 93. Kd4 Kc7 94. Kc5 Kc8 95. Kb5 Kc7 96. Kc5 Kc8
97. Kb4 Kc7 98. Kb5 Kc8 99. Kb6 Kb8 100. Ka5 Kc7 101. Kb5 Kc8 102. Ka6 Kc7 103.
Kb5 103... Kc8 {Game drawn by repetition} 1/2-1/2

[Event "ICS Rated blitz match"]
[Site "204.178.125.65"]
[Date "1999.09.23"]
[Round "?"]
[White "PostModernist"]
[Black "Hossa"]
[Result "1-0"]
[WhiteElo "2609"]
[BlackElo "2397"]
[PlyCount "86"]
[EventDate "1999.??.??"]

1. d4 Nf6 2. c4 e6 3. Nf3 d5 4. Nc3 Bb4 5. g3 dxc4 6. Bg2 O-O 7. O-O c5 8. dxc5
Nc6 9. Bg5 Qxd1 10. Rfxd1 Bxc3 11. bxc3 Ne4 12. Rac1 Re8 13. Be3 e5 14. Nd2
Nxd2 15. Rxd2 e4 16. Rb1 f5 17. a4 g6 18. Rd6 Kg7 19. Bd4+ Kf7 20. f3 Kg8 21.
fxe4 fxe4 22. Rf6 g5 23. h4 gxh4 24. gxh4 h5 25. Rf4 Nxd4 26. cxd4 b6 27. c6
Bg4 28. d5 Rf8 29. Rxf8+ Rxf8 30. d6 Bxe2 31. d7 Bg4 32. Bxe4 Kg7 33. Rd1 Rd8
34. Rd5 Kf6 35. c7 Ke7 36. Rf5 Rxd7 37. c8=Q Bxf5 38. Bxf5 Rd1+ 39. Kf2 Rd2+
40. Ke1 c3 41. Qe6+ Kd8 42. Qf6+ Ke8 43. Qxc3 43... Ra2 {Hossa resigns} 1-0

[Event "ICS Rated blitz match"]
[Site "204.178.125.65"]
[Date "1999.09.24"]
[Round "?"]
[White "PostModernist"]
[Black "Hossa"]
[Result "1-0"]
[WhiteElo "2609"]
[BlackElo "2403"]
[PlyCount "153"]
[EventDate "1999.??.??"]

1. Nf3 d5 2. c4 d4 3. g3 Qd6 4. Bg2 Nc6 5. O-O Bd7 6. Na3 O-O-O 7. Nb5 Qc5 8.
d3 e5 9. Ng5 Be8 10. Bd5 Rd7 11. Be4 h6 12. Nh7 Bd6 13. Bxc6 bxc6 14. b4 Qxb4
15. Nxa7+ Kb7 16. Bd2 Qa3 17. Nxc6 Kxc6 18. e3 Kb7 19. Bc1 Qc3 20. Qf3+ c6 21.
Rb1+ Kc7 22. Rb3 Qa5 23. Qe4 Ne7 24. exd4 f5 25. Qe2 exd4 26. Qb2 Qa7 27. Bxh6
Rxh7 28. Bg5 Rh3 29. Rb1 Kc8 30. c5 Be5 31. f4 Bf7 32. Ra3 Qb8 33. Qa1 Rb7 34.
Rxb7 Qxb7 35. fxe5 Rh5 36. h4 Rxg5 37. hxg5 Ng6 38. e6 Bxe6 39. Qe1 Bf7 40. Ra4
Qb8 41. Rxd4 Qb5 42. Qb4 Qxb4 43. Rxb4 Bxa2 44. Ra4 Bd5 45. d4 Kb7 46. Rb4+ Kc7
47. Ra4 Ne7 48. Ra7+ Kd8 49. Kf2 g6 50. Ke3 Ke8 51. Kf4 Kf8 52. Ra8+ Kf7 53.
Ke5 Ng8 54. Ra7+ Ke8 55. Rb7 Kf8 56. Kd6 Bh1 57. Ke6 Bd5+ 58. Ke5 Bf7 59. Kd6
Bd5 60. Rb8+ Kg7 61. Rb4 Bf3 62. Rb3 Be4 63. Rb7+ Kh8 64. Kd7 Bh1 65. Ke8 f4
66. gxf4 Be4 67. Kf8 Bc2 68. Rb2 Bd1 69. d5 cxd5 70. Rh2+ Bh5 71. c6 Ne7 72.
Rxh5+ gxh5 73. Kxe7 d4 74. Kf7 d3 75. c7 h4 76. c8=Q+ Kh7 77. Qg8# {
Hossa checkmated} 1-0

[Event "ICS Rated blitz match"]
[Site "204.178.125.65"]
[Date "1999.09.22"]
[Round "?"]
[White "PostModernist"]
[Black "Hossa"]
[Result "1-0"]
[WhiteElo "2522"]
[BlackElo "2113"]
[PlyCount "92"]
[EventDate "1999.??.??"]

1. d4 Nf6 2. c4 e6 3. Nc3 Bb4 4. Qc2 O-O 5. a3 Bxc3+ 6. Qxc3 b5 7. cxb5 c6 8.
e3 Bb7 9. Nf3 cxb5 10. Bxb5 Bxf3 11. gxf3 d5 12. O-O a6 13. Be2 Qd7 14. Bd2 Rc8
15. Qd3 Nc6 16. Rfc1 a5 17. b4 axb4 18. axb4 Rxa1 19. Rxa1 Ne7 20. b5 Nf5 21.
b6 Nd6 22. Bb4 Nc4 23. Ba5 Nxa5 24. Rxa5 Qe8 25. b7 Rd8 26. Qb5 Qf8 27. Qc5 Nd7
28. Qxf8+ Kxf8 29. Bb5 Nb8 30. Ra3 g5 31. Rc3 h5 32. Rc7 f6 33. f4 gxf4 34.
exf4 h4 35. Kg2 Kg8 36. Rc8 Rf8 37. Be8 Na6 38. Ra8 Nc7 39. Bf7+ Kxf7 40. Rxf8+
Kxf8 41. b8=Q+ Ne8 42. Qd8 f5 43. Kh3 Kf7 44. Qd7+ Kf8 45. f3 Nf6 46. Qxe6
46... Kg7 {Hossa resigns} 1-0

[Event "ICS Rated blitz match"]
[Site "204.178.125.65"]
[Date "1999.08.27"]
[Round "?"]
[White "PostModernist"]
[Black "Hossa"]
[Result "1-0"]
[WhiteElo "2555"]
[BlackElo "2278"]
[Annotator "Fritz 5.32 (22s)"]
[PlyCount "32"]
[EventDate "1999.??.??"]

1. d4 d5 2. c4 dxc4 3. Nf3 c5 4. e3 4... b5 $146 (4... cxd4 5. Nxd4 (5. exd4
Be6 6. Na3 Nf6 7. Nxc4 Nc6 8. Nce5 Bd5 9. Bd3 g6 10. O-O Bg7 11. Be3 O-O 12. a3
Nd7 13. Nxc6 bxc6 14. b4 Re8 15. Rc1 Qb8 16. Bc4 a5 17. Qb3 axb4 18. axb4 e6
19. Bxd5 19... cxd5 {Hebert,J-Lputian,S/Saint John 1988/CBM 06/0-1 (57)}) 5...
e5 6. Nb5 a6 7. Qxd8+ Kxd8 8. N5c3 Be6 9. Nd2 Nd7 10. Bxc4 Bxc4 11. Nxc4 Rc8
12. Nd2 Ngf6 13. Ke2 Bb4 14. Ndb1 Ke7 15. a3 Bd6 16. e4 Ke6 17. Bg5 Bc5 18. f3
Bd4 19. Rc1 Rc6 20. Nd1 Rxc1 21. Bxc1 Nc5 22. Nbc3 Nb3 23. Rb1 Rd8 24. Bg5 {
- Eperjesi,L-Krizsany,L/Budapest 1993/EXT 97 (24)}) (4... Bg4 5. Bxc4 e6 6.
Qa4+ Nd7 7. Ne5 Bf5 (7... Ngf6 8. h3 Bf5 9. g4 Be4 10. f3 Bc6 11. Nxc6 bxc6 12.
Qxc6 cxd4 13. exd4 Bb4+ 14. Bd2 Rc8 15. Qb5 Qc7 16. Qxb4 Qg3+ 17. Kf1 Qxf3+ 18.
Kg1 {- Malagon,A-Matsumoto,Y/Siegen 1970/MCD (18)}) 8. Nxd7 {
1-0 Atkins,H-Gunsberg,I/Hannover 1902/HCL (8)}) 5. a4 cxd4 6. Nxd4 6... a6 $14
{Kontrolliert b5} (6... Bb7 7. axb5 e5 8. Nf3 Qxd1+ 9. Kxd1 $14) 7. axb5 e5 8.
Nf3 Qxd1+ 9. Kxd1 Bg4 (9... e4 10. Nfd2 $16) 10. Bxc4 e4 11. h3 Bh5 12. g4 exf3
13. gxh5 a5 14. Bd2 (14. Bd5 Ra7 15. Bxf3 Rd7+ 16. Bd2 16... Bb4 $18) 14... Ra7
(14... Nd7 15. Bd5 (15. Bxa5 $6 15... Bb4 $11) 15... Rb8 16. Rxa5 $18) 15. Rxa5
(15. Bxa5 $6 15... Bb4 $11) 15... Rd7 16. b6 Rd8 1-0

[Event "ICS Rated blitz match"]
[Site "204.178.125.65"]
[Date "1999.09.21"]
[Round "?"]
[White "PostModernist"]
[Black "Hossa"]
[Result "1-0"]
[WhiteElo "2491"]
[BlackElo "2335"]
[PlyCount "158"]
[EventDate "1999.??.??"]

1. Nf3 Nf6 2. g3 g6 3. Bg2 Bg7 4. c4 O-O 5. O-O d6 6. Nc3 Nc6 7. d3 Nd7 8. Bg5
f6 9. Bd2 e5 10. a3 Rb8 11. b4 Re8 12. Rb1 a5 13. Qe1 axb4 14. axb4 Nd4 15.
Nxd4 exd4 16. Nb5 f5 17. Bd5+ Kh8 18. Rb3 Nb6 19. Bf3 Bd7 20. Ra3 Bxb5 21. cxb5
Nd7 22. Ra7 Qc8 23. Qc1 Ne5 24. Bg2 Ng4 25. Re1 Ne5 26. Qc2 Nf7 27. Qb3 Re7 28.
Bd5 Ne5 29. Bg5 Re8 30. Bf4 Re7 31. Rc1 h6 32. Qd1 g5 33. Bd2 Nd7 34. Bg2 Nb6
35. e3 d5 36. Qh5 Qe6 37. exd4 Qe2 38. Qxe2 Rxe2 39. Be3 Nc8 40. Raa1 Nb6 41.
Rxc7 Rb2 42. h4 gxh4 43. gxh4 Rxb4 44. Rf7 Rxb5 45. Rxf5 Kh7 46. Rf7 Rb2 47.
Ra7 Nc8 48. Ra5 Nb6 49. Bf4 Rf8 50. Rxf8 Bxf8 51. Ra7 Nc8 52. Ra8 Rb1+ 53. Kh2
Bd6 54. Bxd6 Nxd6 55. Bxd5 Rc1 56. Rd8 Nb5 57. Bxb7 Rd1 58. Be4+ Kg7 59. d5 Rd2
60. Kg3 Kf6 61. Rh8 Nc3 62. Rxh6+ Kf7 63. Rb6 Ne2+ 64. Kf3 Ng1+ 65. Ke3 Re2+
66. Kd4 Rxf2 67. h5 Ne2+ 68. Ke5 Kg7 69. h6+ Kf7 70. Bg6+ Ke7 71. h7 Rh2 72.
d6+ Kd7 73. Rb8 Rh5+ 74. Bxh5 Kc6 75. Be8+ Kc5 76. d7 Nd4 77. d8=Q Nf3+ 78. Kf4
Nd4 79. Qe7+ 79... Kd5 {Hossa resigns} 1-0

[Event "ICS Rated blitz match"]
[Site "204.178.125.65"]
[Date "1999.09.23"]
[Round "?"]
[White "PostModernist"]
[Black "Hossa"]
[Result "1-0"]
[WhiteElo "2607"]
[BlackElo "2382"]
[PlyCount "112"]
[EventDate "1999.??.??"]

1. d4 Nf6 2. c4 e6 3. Nc3 Bb4 4. e3 c5 5. Bd3 O-O 6. Nf3 d5 7. O-O Nc6 8. a3
Ba5 9. cxd5 exd5 10. dxc5 Bxc3 11. bxc3 Bg4 12. c4 Re8 13. Bb2 dxc4 14. Bxc4
Ne4 15. Qxd8 Raxd8 16. Nd4 Ne5 17. Rfc1 Nxc4 18. Rxc4 Bd7 19. f3 Ng5 20. Rb4
Bc8 21. c6 bxc6 22. Nxc6 Rd7 23. h4 Ne6 24. Rc1 a6 25. g4 f6 26. Na5 Rd3 27.
Kf2 Rd2+ 28. Kg3 Bd7 29. e4 h6 30. h5 Rd3 31. Rc3 Rd1 32. Rb6 Bb5 33. Rb7 Kh7
34. Rc2 Bd3 35. Rg2 Nc5 36. Ra7 Rf8 37. e5 fxe5 38. Bxe5 Rg8 39. Rc7 Ne6 40.
Re7 Nc5 41. Nb7 Nxb7 42. Rxb7 Bc4 43. Rc2 Bd5 44. Re7 Rf1 45. Rc3 Kh8 46. Rd3
Bc6 47. Re6 Rc8 48. Rc3 Rg1+ 49. Kf2 Rd1 50. Rxh6+ Kg8 51. Rhxc6 Re8 52. Rc8
Rdd8 53. Rxd8 Rxd8 54. Rc7 Rd2+ 55. Kg3 Re2 56. Bxg7 56... Re1 {Hossa resigns}
1-0

[Event "ICS Rated blitz match"]
[Site "204.178.125.65"]
[Date "1999.09.13"]
[Round "?"]
[White "PostModernist"]
[Black "Hossa"]
[Result "0-1"]
[WhiteElo "2493"]
[BlackElo "2362"]
[PlyCount "120"]
[EventDate "1999.??.??"]

1. d4 d5 2. c4 dxc4 3. Nf3 Nf6 4. Nc3 Nc6 5. e3 Na5 6. Qa4+ c6 7. h3 b5 8. Qc2
e6 9. Bd2 Bd6 10. e4 Be7 11. Be2 O-O 12. O-O b4 13. Na4 Ba6 14. Nc5 Bxc5 15.
dxc5 Rb8 16. Bf4 Rb7 17. Rfd1 Qc8 18. Qa4 Rb5 19. Nd4 Qb7 20. a3 b3 21. Bd2
Rxc5 22. Bxa5 Re5 23. Bf3 c5 24. Bc7 Qxc7 25. Nc6 Bb7 26. Nxe5 Qxe5 27. Qxc4
Qxb2 28. Qxc5 Bxe4 29. Bxe4 Nxe4 30. Qxa7 Nc3 31. Rf1 Qc2 32. Rae1 b2 33. Qb7
Rd8 34. Qb6 Qd2 35. Qc7 Qd3 36. Qb6 b1=R 37. Rxb1 Nxb1 38. Rxb1 g6 39. Qb2 Qe4
40. Rc1 Qf4 41. Qc3 Rd2 42. f3 Qg5 43. g4 Qf4 44. Qc8+ Kg7 45. Qc3+ e5 46. Kf1
Qh2 47. Qxd2 Qxd2 48. Rc8 Qd3+ 49. Kg2 h5 50. gxh5 Qe2+ 51. Kg3 gxh5 52. a4
Qe1+ 53. Kg2 h4 54. Rc2 Qg3+ 55. Kf1 Qxf3+ 56. Rf2 Qd1+ 57. Kg2 Qxa4 58. Kg1
Qd1+ 59. Kh2 f5 60. Rg2+ 60... Kf6 {PostModernist resigns} 0-1

[Event "ICS Rated blitz match"]
[Site "204.178.125.65"]
[Date "1999.08.27"]
[Round "?"]
[White "PostModernist"]
[Black "Hossa"]
[Result "1-0"]
[WhiteElo "2536"]
[BlackElo "2280"]
[Annotator "Fritz 5.32 (22s)"]
[PlyCount "68"]
[EventDate "1999.??.??"]

1. e4 e6 2. d4 d5 3. Nc3 Bb4 4. e5 c5 5. a3 Ba5 6. b4 cxb4 7. Nb5 Nc6 8. Bd2
$146 (8. Qg4 Kf8 (8... g6 9. Bd3 h5 10. Qg3 b3+ 11. Kf1 Kf8 12. Ne2 bxc2 13.
Bg5 Nce7 14. Qf4 Qd7 15. f3 a6 16. Nd6 Nf5 17. Nxc8 Rxc8 18. g4 hxg4 19. fxg4
Rh3 20. Nc1 Ne3+ 21. Ke2 Nd1 22. Kf1 Re3 23. h4 Bd2 24. Qh2 Rf3+ 25. Kg1 Bxc1
26. Bxc2 Rf2 27. Bxc1 Rxh2 28. Rxh2 Nc3 29. h5 Kg7 30. Bg5 Qb5 31. Re1 Qc4 32.
Be3 Nb5 33. hxg6 fxg6 34. Rd1 Qxc2 35. Rxc2 Rxc2 36. a4 Nc3 37. Ra1 Ra2 38. Rc1
Ne2+ 39. Kf1 Nxc1 40. Bxc1 Ra1 41. Ke2 Rxc1 42. a5 42... Kh6 {
0-1 Szelag,M-Askarov,B/St.Lorenzo 1995/Juniors (42)}) 9. Bd2 f5 (9... Nh6 10.
Qf4 a6 11. Nd6 f6 12. exf6 Nf5 13. fxg7+ Kxg7 14. Qg4+ Kf8 15. Nxf5 exf5 16.
Bh6+ Ke8 17. Qh5+ Kd7 18. Qxf5+ Kc7 19. Qf7+ Kb8 20. Kd1 Qb6 21. Nf3 Ka7 22.
Bd3 Bg4 23. Qxd5 Rad8 24. Qc5 {Chval,Z-Petras,M/CZE 1997/EXT 98/0-1 (37)}) 10.
Qg3 Nge7 11. Qb3 Bb6 12. Nf3 a6 13. axb4 Rb8 14. Nd6 Nxd4 15. Nxd4 Bxd4 16. Bc3
Qb6 17. O-O-O Bxc3 18. Qxc3 Bd7 19. g4 Nc8 20. gxf5 Nxd6 21. exd6 Qxd6 22. fxe6
22... Bxe6 {Aronian,L-Geanta,H/Herculane 1994/TD/1-0 (41)}) 8... bxa3 {
Der Freibauer marschiert} 9. Rxa3 (9. Bxa5 Qxa5+ 10. c3 10... Qb6 $11) 9...
Bxd2+ (9... Bb6 10. Nd6+ Kf8 11. Nf3 $15) 10. Qxd2 Kf8 11. Nf3 11... f6 {
Deckt g5} 12. Nd6 {Der Springer steht aktiv} 12... fxe5 13. dxe5 Nh6 14. Qf4+
Kg8 15. Bb5 Ne7 16. Bd3 Nhf5 17. Bxf5 Nxf5 18. Nxf5 exf5 19. O-O Qc7 (19... Be6
20. Rd1 $11) 20. Nd4 {Der Springer ist wirkungsvoll plaziert} (20. Qd4 20...
Be6 $14 (20... Qxc2 21. Qxd5+ Be6 22. Qxe6+ Kf8 23. Ng5 $18)) 20... h6 21. Qe3
$15 {Weiss plant e6} (21. Re1 21... a6 $11) 21... Kf7 $14 (21... Kh7 $5 $15
$142 {muss beachtet werden}) 22. e6+ {Auf den muss Schwarz aufpassen} 22... Kf6
$16 (22... Kg6 23. Re1 Rf8 24. Nb5 $18) 23. Re1 {Mit der Drohung e7} 23... Qd6
$2 $18 (23... Re8 $16 $142) 24. Nb5 {Droht Matt: Qd4} 24... d4 25. Nxd4 (25.
Qxd4+ Qxd4 26. Nxd4 26... Re8 $15) 25... Qc5 26. Rc3 Qa5 27. Nxf5 {Droht Matt}
27... Kxf5 (27... Qxf5 28. Qd4+ Kg6 29. Rg3+ Qg5 30. Ree3 Bxe6 31. Rxe6+ Kf7
32. Qd7+ Kg8 33. Rxg5 hxg5 34. Qd5 Kh7 35. Qf5+ Kg8 36. Re7 Rf8 37. Qd5+ Kh7
38. Qxg5 Rf7 39. Qh5+ Kg8 40. Qxf7+ Kh7 41. Qxg7#) 28. Qe4+ (28. Rc5+ $5 {
laesst dem Gegner kaum Chancen} 28... Qxc5 {
fuer Schwarz fuehrt kein Weg daran vorbei, das Material zurueckzugeben} 29.
Qxc5+ 29... Kg6 $18) 28... Kf6 29. Qd4+ Kg6 30. Rg3+ 30... Qg5 {
ob er will oder nicht, Schwarz muss Material hergeben} 31. Rxg5+ 31... hxg5 {
Wenn Schwarz jetzt zu Re8 kaeme...} 32. Qd3+ Kf6 33. Qf3+ Kg6 34. Qf7+ 34...
Kh7 {Weiss darf nun die Drohung Rd8 nicht uebersehen} 1-0

[Event "ICS Rated blitz match"]
[Site "204.178.125.65"]
[Date "1999.10.05"]
[Round "?"]
[White "PostModernist"]
[Black "Hossa"]
[Result "1-0"]
[WhiteElo "2599"]
[BlackElo "2441"]
[PlyCount "62"]
[EventDate "1999.??.??"]

1. d4 Nf6 2. c4 g6 3. Nc3 d5 4. cxd5 Nxd5 5. e4 Nxc3 6. bxc3 Bg7 7. Nf3 O-O 8.
Be2 c5 9. Rb1 cxd4 10. cxd4 f5 11. Bc4+ e6 12. e5 Nc6 13. O-O f4 14. Ba3 Re8
15. Bd6 Kh8 16. Qd3 Na5 17. Bb5 Bd7 18. Qd2 Rc8 19. Ng5 Qxg5 20. Bxd7 Nc4 21.
Qd3 Na5 22. Qb5 f3 23. g3 Qd8 24. Bxc8 a6 25. Qc5 Qxc8 26. Qxa5 b5 27. a4 Qc2
28. axb5 Qf5 29. Rb3 Qh3 30. Rxf3 axb5 31. Qxb5 31... Rd8 {Hossa resigns} 1-0

[Event "ICS Rated blitz match"]
[Site "204.178.125.65"]
[Date "1999.10.14"]
[Round "?"]
[White "PostModernist"]
[Black "Hossa"]
[Result "1-0"]
[WhiteElo "2587"]
[BlackElo "2356"]
[PlyCount "65"]
[EventDate "1999.??.??"]

1. c4 Nf6 2. g3 e5 3. Bg2 d5 4. cxd5 Nxd5 5. Nc3 Ne7 6. Nf3 Nbc6 7. b4 Ng6 8.
b5 Nd4 9. O-O Nxf3+ 10. Bxf3 Bc5 11. a4 O-O 12. Bb2 a6 13. Qc2 Ra7 14. Ne4 Bb4
15. Rfc1 axb5 16. axb5 Rxa1 17. Rxa1 Qe7 18. Ra7 Rd8 19. d3 f6 20. e3 f5 21.
Nc3 Qc5 22. Ra8 c6 23. bxc6 bxc6 24. Qb3+ Kh8 25. Na2 Bd2 26. Ba3 Qb5 27. Qxb5
cxb5 28. Bb7 b4 29. Bxb4 Bxb4 30. Nxb4 Ne7 31. Nd5 Nxd5 32. Bxd5 Re8 33. Bf7 {
Hossa resigns} 1-0

[Event "ICS Rated blitz match"]
[Site "204.178.125.65"]
[Date "1999.10.06"]
[Round "?"]
[White "PostModernist"]
[Black "Hossa"]
[Result "1-0"]
[WhiteElo "2654"]
[BlackElo "2531"]
[PlyCount "84"]
[EventDate "1999.??.??"]

1. e4 c5 2. c3 d5 3. exd5 Qxd5 4. d4 Nc6 5. Nf3 Bg4 6. Be2 Rd8 7. c4 Qf5 8. d5
Bxf3 9. Bxf3 Nd4 10. Nc3 Nxf3+ 11. gxf3 Nf6 12. Be3 e6 13. Qa4+ Rd7 14. O-O-O
Bd6 15. dxe6 Qxe6 16. Bxc5 Bf4+ 17. Kc2 Qf5+ 18. Ne4 a6 19. Rhe1 Kd8 20. Bd4
Ne8 21. Bxg7 Nxg7 22. Rxd7+ Qxd7 23. Rd1 Qxd1+ 24. Kxd1 Kc8 25. Qa5 Rd8+ 26.
Kc2 Re8 27. Qc5+ Kb8 28. h4 f5 29. Nf6 Re2+ 30. Kb3 Ne6 31. Nd7+ Ka8 32. Qd5
Bb8 33. Nxb8 Kxb8 34. Kc3 f4 35. Kd3 Re1 36. Kd2 Rb1 37. Qxe6 Rxb2+ 38. Kd3
Rxa2 39. Qd6+ Ka7 40. Qd4+ b6 41. c5 Ra3+ 42. Ke4 42... Rb3 {Hossa resigns} 1-0

[Event "ICS Rated blitz match"]
[Site "204.178.125.65"]
[Date "1999.08.27"]
[Round "?"]
[White "PostModernist"]
[Black "Hossa"]
[Result "1-0"]
[WhiteElo "2542"]
[BlackElo "2314"]
[Annotator "Fritz 5.32 (22s)"]
[PlyCount "104"]
[EventDate "1999.??.??"]

1. d4 Nf6 2. c4 g6 3. Nc3 Bg7 4. e4 d6 5. f3 Nbd7 6. Bd3 (6. Bg5 a6 7. Qd2 c5
8. d5 Qa5 9. a4 O-O 10. Ra3 Re8 11. Nge2 e6 12. dxe6 Rxe6 13. Nf4 Re5 14. Nd3
Re8 15. Be2 Nb6 16. b3 Be6 17. Nd1 Qxd2+ 18. Bxd2 Nbd7 19. Bf4 Bf8 20. Nc3 Nh5
21. Bd2 f5 22. exf5 22... Bxf5 {- Psakhis,L-Spassky,B/Sarajevo 1986/EXT 97 (22)
}) 6... e5 7. Nge2 $146 (7. d5 Nc5 8. Bc2 (8. Be2 O-O 9. b4 Ncd7 10. Be3 Nh5
11. Qc2 Nf4 12. Bxf4 exf4 13. Nh3 Qh4+ 14. Nf2 Bd4 15. O-O f5 16. Rad1 Bb6 17.
Na4 Be3 18. Bd3 Ne5 19. Qe2 Nxd3 20. Rxd3 fxe4 21. Rxe3 fxe3 22. Nxe4 22... Bf5
{Balzer,R-Yagoubi,F/Hamburg 1998/EXT 99/1-0 (56)}) 8... a5 9. Be3 Nfd7 10. Na4
Nxa4 11. Bxa4 O-O 12. Ne2 b6 13. Qd2 Nc5 14. Bc6 Ra7 15. O-O f5 16. Nc3 f4 17.
Bf2 g5 18. Nb5 Ra6 19. Bxc5 bxc5 20. Rac1 g4 21. fxg4 21... Bxg4 {
Tallova,I-Hagesaether,N/Bratislava 1993/TD/1-0 (44)}) 7... exd4 8. Nxd4 Nh5 9.
Be3 Nf4 10. Bf1 Ne6 11. Be2 O-O 12. Nxe6 fxe6 13. Qd2 Qh4+ 14. g3 Qh5 15. Nb5
Ne5 16. Nxc7 Nxf3+ 17. Bxf3 Qxf3 18. Rg1 Bxb2 19. Rb1 Qxe4 20. Rxb2 Rf3 (20...
Rb8 21. Nb5 Rf3 22. Ke2 $18) 21. Rb3 $1 {Boing!} (21. Nxa8 $2 {
haelt einer naeheren Pruefung nicht stand} 21... Rxe3+ 22. Kd1 22... Rd3 $19)
21... Rb8 22. Qe2 (22. Qd4 Qxd4 23. Bxd4 Rxb3 24. axb3 24... b6 $18) 22... b6
23. Nb5 Bd7 (23... Bb7 24. Nxd6 (24. Nxa7 $143 24... d5 $16) 24... Qe5 25. Nxb7
Qa1+ 26. Qd1 Qxd1+ 27. Kxd1 Rxb7 28. c5 $18) 24. Nxd6 (24. Nxa7 Ba4 25. Rc3 d5
26. cxd5 26... exd5 $14) 24... Qc6 25. Bd4 {Droht Matt} 25... Rxb3 (25... Qxd6
{bietet noch letzte Rettungschancen} 26. Be5 $1 {macht alles klar} 26... Rf2
$18) 26. Qe5 $1 {die Pointe. Droht Matt: Qg7} 26... Re3+ {
Schwarz muss Material zurueckgeben} 27. Bxe3 {Droht Matt} 27... Qa4 28. Bd4 (
28. Bd2 $142 {und Weiss ist direkt am Ziel} 28... Qa3 29. Bc3 Qc1+ 30. Ke2 Qc2+
31. Ke3 Qxc3+ 32. Qxc3 $18) 28... Qa5+ 29. Qxa5 {Mit der Mattdrohung Qe5} 29...
bxa5 30. Ne4 Kf7 31. Rf1+ Ke8 32. Nf6+ (32. Kd2 {laesst dem Gegner kaum Chancen
} 32... Ba4 $18) 32... Ke7 33. Nxh7 Kd6 (33... Rc8 {aendert nichts mehr} 34.
Nf8 Be8 35. Bb2 Rxc4 36. Ba3+ Kd8 37. Nxe6+ Kd7 38. Nc5+ Kd6 39. Rf8 $18) 34.
Ng5 Rb4 35. Nf7+ Kc7 36. Ne5 Rb1+ 37. Kf2 Rxf1+ 38. Kxf1 Be8 39. Bxa7 Kd6 40.
Bd4 Ke7 41. Kf2 Kf8 42. Kf3 a4 (42... Ke7 {hilft allerdings auch nicht} 43. c5
$18) 43. Kf4 Ke7 44. Kg5 Kd6 45. h4 a3 (45... Bc6 {nuetzt auch nichts mehr} 46.
Nxg6 Bf3 47. h5 Bxh5 48. Kxh5 $18) 46. g4 Ba4 47. Nxg6 Be8 (47... e5 {
hilft auch nicht mehr} 48. Bc3 Ke6 49. h5 $18) 48. h5 Bf7 49. Ne5 Bg8 50. Kg6
50... Ke7 {Schwarz droht, mit Bh7 kontern} 51. h6 {Weiss droht Kg7} 51... Kf8
52. Bc5+ Ke8 1-0

[Event "ICS Rated blitz match"]
[Site "204.178.125.65"]
[Date "1999.09.16"]
[Round "?"]
[White "PostModernist"]
[Black "Hossa"]
[Result "0-1"]
[WhiteElo "2536"]
[BlackElo "2383"]
[PlyCount "156"]
[EventDate "1999.??.??"]

1. e4 e6 2. d4 d5 3. Nc3 Nf6 4. e5 Nfd7 5. f4 c5 6. Nf3 cxd4 7. Nxd4 a6 8. Be3
Bb4 9. Bd2 Nxe5 10. Nxd5 Bxd2+ 11. Qxd2 exd5 12. fxe5 Nc6 13. O-O-O O-O 14.
Nxc6 bxc6 15. Bd3 Re8 16. Rde1 Ra7 17. Rhf1 Rae7 18. Qf4 Qa5 19. Kb1 Qc7 20.
Qh4 h6 21. Qa4 Rxe5 22. Rd1 Re3 23. h3 a5 24. Kc1 Bd7 25. c3 Be6 26. Qd4 Qg3
27. Kb1 a4 28. a3 Rb8 29. Kc1 Qxg2 30. b4 Qxh3 31. Rg1 g6 32. Bxg6 fxg6 33.
Rxg6+ Kf7 34. Qg7+ Ke8 35. Qh8+ Ke7 36. Qf6+ Kd6 37. Qf4+ Re5 38. Kc2 Qf5+ 39.
Qxf5 Rxf5 40. Re1 Re8 41. Rxh6 Rf2+ 42. Kb1 Rf3 43. Kb2 d4 44. Rd1 d3 45. c4
Rg8 46. c5+ Kd5 47. Kc3 Re3 48. Rh5+ Ke4 49. Rh6 Bg4 50. Rd2 Rc8 51. Rh7 Re8
52. Rc7 Re6 53. Ra7 Bf5 54. Rxa4 Kf3 55. Ra8 Re8 56. Rxe8 Rxe8 57. a4 Re1 58.
Rxd3+ Bxd3 59. Kxd3 Rd1+ 60. Kc2 Ra1 61. a5 Re1 62. Kb2 Ke3 63. a6 Kd4 64. a7
Re8 65. Kb3 Ra8 66. b5 cxb5 67. Kb4 Rxa7 68. Kxb5 Rc7 69. c6 Kd5 70. Kb4 Rxc6
71. Kb3 Kd4 72. Kb2 Rc4 73. Kb3 Kd3 74. Kb2 Rc3 75. Kb1 Rc2 76. Ka1 Kc4 77. Kb1
Kb3 78. Ka1 78... Rc1# {PostModernist checkmated} 0-1

[Event "ICS Rated blitz match"]
[Site "204.178.125.65"]
[Date "1999.09.29"]
[Round "?"]
[White "Randolf-Raatass"]
[Black "Hossa"]
[Result "0-1"]
[WhiteElo "2140"]
[BlackElo "2492"]
[Annotator "Fritz 5.32 (29s)"]
[PlyCount "80"]
[EventDate "1999.??.??"]

1. e4 e6 2. d3 d5 3. Nd2 c5 4. Ngf3 Nc6 5. g3 Bd6 6. Bg2 Nge7 7. O-O O-O 8. Re1
Re8 (8... Ng6 9. Nf1 d4 10. h4 e5 11. h5 Nge7 12. N1h2 f6 13. Nh4 Qc7 14. Bf3
g5 15. hxg6 hxg6 16. Ng4 Kf7 17. Nh6+ Kg7 18. Kg2 Rh8 19. Rh1 Nd8 20. Bg4 Nf7
21. Nxf7 Kxf7 22. Bxc8 Qxc8 23. c4 {Nun,J-Skrobek,R/Wroclaw 1980/EXT 98/ - (60)
}) 9. c3 $146 {Kontrolliert b4+d4} (9. Nf1 b6 10. h4 Bb7 11. e5 Bc7 12. h5 Qb8
13. Bf4 d4 14. g4 Nd5 15. Bg3 f6 16. exf6 gxf6 17. N3d2 Bxg3 18. Nxg3 Ne5 19.
Nde4 Rf8 20. Qd2 Nxg4 21. Bh3 Ne5 22. Nxf6+ Kh8 23. Rxe5 23... Qxe5 {
De Vita,I-Marchiando,G/Porto San Giorgio 1997/CBM 59 ext/1-0 (44)}) 9... Bd7
10. e5 Bb8 11. Nb3 11... Qb6 $14 (11... b6 12. d4 $11) 12. Be3 Nxe5 13. Nxe5
$11 (13. Bxc5 Nxf3+ 14. Qxf3 14... Qc7 $14) 13... Bxe5 14. Nxc5 Qc7 15. d4 Bf6
16. Bf4 Qc6 17. Nxd7 Qxd7 18. h4 Ng6 19. Be5 Bxe5 20. dxe5 Rac8 21. h5 Ne7 22.
Bf1 Kh8 23. Bd3 Ng8 24. f4 Rc5 25. a4 Rec8 26. Re2 f5 27. exf6 Nxf6 28. h6 $11
(28. Re5 $5 $14) 28... gxh6 29. Rh2 Rg8 30. Rxh6 $2 $19 (30. Rg2 $15 $142 {
ist noch spielbar}) 30... Rxg3+ 31. Kf2 Qg7 32. Rxf6 Rg2+ 33. Ke3 Qxf6 34. Qh1
{Mit der Mattdrohung Qxh7} 34... Rg3+ 35. Ke2 Qg7 (35... Rc7 $5 {
erleichterte Schwarz die Gewinnfuehrung} 36. Rf1 $19) 36. Rf1 (36. Qh4 Qg4+ 37.
Qxg4 37... Rxg4 $19) 36... Rg2+ 37. Kd1 37... Rxb2 $17 (37... Qg4+ $142 {
waere im Gewinnsinne praeziser} 38. Kc1 38... Rc7 $19) 38. f5 $4 $19 {
der starke Druck provoziert weitere Fehler} (38. Qh4 $142 38... Rc8 39. Bxh7
$17) 38... Qxc3 {Es droht Matt} 39. Qxh7+ Kxh7 40. fxe6+ (40. Rh1+ {
kann das Vorangegangene nicht ungeschehen machen} 40... Kg8 41. Rg1+ Kf8 42.
Rg8+ Kxg8 43. Bc2 Qxc2+ 44. Ke1 Qe2#) 40... Qxd3+ (40... Qxd3+ 41. Ke1 Re2#)
0-1